(Record no. 189628)

MARC details
000 -LEADER
fixed length control field 00438nam a2200145Ia 4500
041 ## - LANGUAGE CODE
Language code of text/sound track or separate title Arabic
082 ## - DEWEY DECIMAL CLASSIFICATION NUMBER
Classification number 260 cut-994 ز
100 ## - MAIN ENTRY--PERSONAL NAME
Personal name 20260118u\\\\\\\\\\\y0engy0103\\\\ba
Personal name د.عەبدولکەریم زەیدان
245 #0 - TITLE STATEMENT
Title الوجيز في اصول الفقه بەکوردى بەرگى یەکەم
250 ## - EDITION STATEMENT
Edition statement ط1
260 ## - PUBLICATION, DISTRIBUTION, ETC. (IMPRINT)
Name of publisher, distributor, etc چاپخانە بێخود
Place of publication, distribution, etc سەییدسادق
Date of publication, distribution, etc 2017
300 ## - PHYSICAL DESCRIPTION
Extent 374
942 ## - ADDED ENTRY ELEMENTS (KOHA)
Koha item type Books
Holdings
Withdrawn status Lost status Damaged status Not for loan Collection code Home library Current library Shelving location Date acquired Total Checkouts Full call number Barcode Date last seen Copy number Price effective from Koha item type
          Koya University Central Library Koya University Central Library Books 18/01/2026   260 cut-994 ز 0000093685 18/01/2026 1 18/01/2026 Books